1er. Simposium Internacional sobre Rehabilitació, Finançament i Mercat d'Habitatges : ponències, comunicacions, conclusions : Barcelona, 30-31 octubre 1985 / organització i patrocini: Caixa d'Estalvis de Catalunya ponències, comunicacions, conclusions :
Descripción Física:
318 p., [24] p. de làm. : il. col. ; 24 cm
Otros Autores:
Caixa Catalunya
MARC
| LEADER | 00000nam a2200000Ia 4500 | ||
|---|---|---|---|
| 001 | 2128 | ||
| 008 | 160829s1985 xx 000 0 cat d | ||
| 080 | |a M-3-254 | ||
| 100 | |a Simposium Internacional sobre Rehabilitació, Finançament i Mercat d'Habitatges (1r : 1985 : Barcelona) |9 22581 | ||
| 245 | |a 1er. Simposium Internacional sobre Rehabilitació, Finançament i Mercat d'Habitatges : |b ponències, comunicacions, conclusions : |b Barcelona, 30-31 octubre 1985 / organització i patrocini: |b Caixa d'Estalvis de Catalunya | ||
| 260 | |a Barcelona : |b Caixa d'Estalvis de Catalunya, |c 1985 | ||
| 300 | |a 318 p., [24] p. de làm. : |b il. col. ; |c 24 cm | ||
| 650 | |a Rehabilitació de l'habitatge |x Congressos |9 22582 | ||
| 650 | |a Habitatges |x Congressos |9 22583 | ||
| 700 | |a Caixa Catalunya | ||
| 901 | |a Arxiu | ||
| 942 | |n 1 | ||
| 952 | |0 0 |1 0 |4 0 |6 M3254 |7 1 |9 42245 |a Arxiu |b Arxiu |d 2016-12-01 |l 0 |o M-3-254 |p 2128 |r 2016-12-01 00:00:00 |w 2016-12-01 |y ARXIU | ||
| 999 | |c 44723 |d 44723 | ||